Αειφόρος ανάπτυξη και εκπαίδευση : το πολυδιάστατο μιας σχέσης
Αποθηκεύτηκε σε:
| Κύριος συγγραφέας: | |
|---|---|
| Μορφή: | Βιβλίο |
| Γλώσσα: | Greek |
| Δημοσίευση: |
Ζεφύρι Αττικής :
Διάδραση,
c2015.
|
| Θέματα: | |
| Ετικέτες: |
Προσθήκη ετικέτας
Δεν υπάρχουν, Καταχωρήστε ετικέτα πρώτοι!
|
MARC
| LEADER | 00000cam a2200000 a 4500 | ||
|---|---|---|---|
| 001 | 1/106329 | ||
| 008 | 150514t2015####gr | ||| |||| ||gre|| | ||
| 020 | |a 9786185059248 | ||
| 040 | |a GR-MyUa |b gre |c GR-MyUa |e AACR2 | ||
| 041 | 0 | |a gre | |
| 082 | 7 | |a 363.7 |2 (23) | |
| 100 | 1 | |a Παπαβασιλείου, Βασίλειος Φ. | |
| 245 | 1 | 0 | |a Αειφόρος ανάπτυξη και εκπαίδευση : |b το πολυδιάστατο μιας σχέσης / |c Βασίλης Παπαβασιλείου. |
| 260 | |a Ζεφύρι Αττικής : |b Διάδραση, |c c2015. | ||
| 300 | |a 310 σ. ; |c 24 εκ. | ||
| 504 | |a Βιβλιογραφία : σ. 229-310. | ||
| 650 | 0 | |a Sustainable development |x Study and teaching. | |
| 650 | 0 | |a Environmental education |x Activity programs. | |
| 650 | 0 | |a Ecology |x Study and teaching. | |
| 852 | |a INST |b LESVOS |c EUDOXUS |e 20151210 |h 363.7 ΠΑΠ |p 005100057861 |q 005100057861 |t EDX |y 0 | ||
| 852 | |a INST |b RHODES |c EUDOXUS |e 20150514 |h 363.7 ΠΑΠ |p 005400037695 |q 005400037695 |t EDX |y 0 | ||
| 852 | |a INST |b RHODES |c EUDOXUS |e 20150514 |h 363.7 ΠΑΠ |p 005400037696 |q 005400037696 |t EDX |y 0 | ||
| 852 | |a INST |b RHODES |c EUDOXUS |e 20150514 |h 363.7 ΠΑΠ |p 005400037697 |q 005400037697 |t EDX |y 0 | ||
| 852 | |a INST |b SAMOS |e 20151012 |h 363.7 ΠΑΠ |p 005300043058 |q 005300043058 |t BK |y 0 | ||
| 920 | |a Εύδοξος |b Παραγγελία |y Ρόδος-ΤΕΠΑΕΣ |z 2015-05 | ||
| 920 | |a Εύδοξος |b Επιστροφή |y Λέσβος |z 2015-12 | ||
| 970 | |z 14-05-2015 | ||